Ανάλυση χρονοσειρών
Αποθηκεύτηκε σε:
| Κύριος συγγραφέας: | |
|---|---|
| Μορφή: | Βιβλίο |
| Γλώσσα: | Greek |
| Δημοσίευση: |
Αθήνα :
Κυριακίδης,
2010
|
| Θέματα: | |
| Ετικέτες: |
Προσθήκη ετικέτας
Δεν υπάρχουν, Καταχωρήστε ετικέτα πρώτοι!
|
MARC
| LEADER | 00000nam a2200000 i 4500 | ||
|---|---|---|---|
| 001 | 1/39711 | ||
| 008 | 131220s2010 gre d | ||
| 020 | |a 978-960-343-550-1 | ||
| 035 | |l 10116254 | ||
| 040 | |a GR-MY-UA |b gre |e aacr | ||
| 041 | 0 | |a gre | |
| 082 | 0 | |a 519.55 |2 (22) | |
| 100 | 1 | |a Στρίντζης, Μιχάλης - Γεράσιμος. | |
| 245 | 1 | 0 | |a Ανάλυση χρονοσειρών / |c Μιχάλη - Γεράσιμου Στρίντζη |
| 260 | |a Αθήνα : |b Κυριακίδης, |c 2010 | ||
| 300 | |a 146 σ.; |b εικ.; |c 30 εκ. | ||
| 504 | |a Περιλαμβάνει βιβλιογραφία | ||
| 650 | 0 | 0 | |a Time-series analysis. |
| 852 | |a INST |b LESVOS |c EUDOXUS |e 20131220 |h 519.55 ΣΤΡ |p 005100052734 |q 005100052734 |t EDX |y 0 | ||
| 852 | |a INST |b LESVOS |c EUDOXUS |e 20131220 |h 519.55 ΣΤΡ |p 005100052735 |q 005100052735 |t EDX |y 0 | ||
| 901 | |a BIBL1-2013-3 | ||
| 909 | |a Λ |b 186304 | ||
| 909 | |a Λ |b 186305 | ||
| 920 | |a ΕΥΔΟΞΟΣ |b ΠΑΡΑΓΓΕΛΙΑ |y ΛΕΣΒΟΣ-ΤΕΘ |z 2013-04 | ||
| 970 | |a ΒΑΣΙΛΑΚΗ |b ΝΙΚΗ |z 2007/09/03 | ||